জীবনানন্দ দাশঃিবকাশ পৃিতষ্ঠার ইিতবৃও / (Record no. 50805)

MARC details
000 -LEADER
fixed length control field 01099nam a22002297a 4500
005 - DATE AND TIME OF LATEST TRANSACTION
control field 20110224145937.0
008 - FIXED-LENGTH DATA ELEMENTS--GENERAL INFORMATION
fixed length control field 110224t xxu||||| |||| 00| 0ben d
010 ## - LCCN (DPL NO)
LC control number BEN-8386
020 ## - INTERNATIONAL STANDARD BOOK NUMBER
International Standard Book Number 9788129507978
Terms of availability -300.00
035 ## - SYSTEM CONTROL NUMBER
System control number BN-6591
037 ## - SOURCE OF ACQUISITION
Source of stock number/acquisition DBAD/PUB
040 ## - CATALOGING SOURCE
Original cataloging agency DPL
Language of cataloging BN
100 ## - MAIN ENTRY--PERSONAL NAME
9 (RLIN) 26208
Personal name বেন্দাপাধ্য়ায় েদবী পৃসাদ
245 ## - TITLE STATEMENT
Title জীবনানন্দ দাশঃিবকাশ পৃিতষ্ঠার ইিতবৃও /
Statement of responsibility, etc বেন্দাপাধ্য়ায় েদবী পৃসাদ
246 ## - VARYING FORM OF TITLE
Title proper/short title Jibananda Das : Bikas Prathista
Remainder of title byDevi Prasad Mukhopadhya
260 ## - PUBLICATION, DISTRIBUTION, ETC. (IMPRINT)
Place of publication, distribution, etc কলকাতা
Name of publisher, distributor, etc ্আন্নদ পাবিলিশং
Date of publication, distribution, etc 2009
270 ## - ADDRESS
Address 45 েবিনয়ােটালা েলন
City কলকাতা
Postal code 700073
300 3# - PHYSICAL DESCRIPTION
Extent 608 p
Dimensions 22cm (HB)
700 ## - ADDED ENTRY--PERSONAL NAME
9 (RLIN) 26212
942 ## - ADDED ENTRY ELEMENTS (KOHA)
Source of classification or shelving scheme Dewey Decimal Classification
Item type Bengali Books
Call number suffix বেন্দাপা
Classification part
Holdings
Withdrawn status Lost status Source of classification or shelving scheme Damaged status Not for loan Home library Current library Date acquired Source of acquisition Cost, normal purchase price Total Checkouts Full call number Barcode Date last seen Copy number Cost, replacement price Koha item type
    Dewey Decimal Classification   Not For Loan D.B.Act.Division D.B.Act.Division 28/02/2011 DBAD/PUB 300.00   উ বেন্দাপা BN-6591 28/02/2011 1 300.00 Bengali Books

© Delhi Public Library
Hit Counter
free hit counter